000
003340000a22001570004500
020
_a
958-30-2273-X
082
0
4
_a
B P1918e
110
1
_a
panamericana
245
1
0
_a
Escucha Mi Historia
260
_a
China
300
_a
8 Pag
500
_a
Libro en tela para bebes
505
0
0
_a
Historia de animales
001
1905
942
_c
LGB
999
_c
49058
_d
49058